000 02137nam a2200577 i 4500
001 31031
003 KOSZ 005
005 20220110101115.0
008 980702s1996 pl a f |000 0 pol
015 _aUWD 1996/8910
035 _a991004161629705066
035 _a(PL-WaBN)b11104089-48omnis_nlop
035 _ab11104089
035 _a(OCoLC)835240615
035 _a(PL)b0000001110408
035 _a(EXLNZ-48OMNIS_NETWORK)9910333085305606
040 _aWA N
_cWA N
_dKOSZ 005/HR
041 0 _apol
_beng
_bger
046 _k1996
080 _a624.13/.15
080 _a528:004
100 1 _aWolski, Bogdan
_d(1942- )
_eAutor
245 1 0 _aGeodezyjna identyfikacja procesu deformacji podłoża gruntowego /
_cBogdan Wolski.
260 _aKraków :
_bPK,
_c1996.
300 _a154 s. :
_bwykr. ;
_c24 cm.
336 _aTekst
_btxt
_2rdacontent
337 _aBez urządzenia pośredniczącego
_bn
_2rdamedia
338 _aWolumin
_bnc
_2rdacarrier
380 _aKsiążki
380 _aPublikacje naukowe
388 _a1901-2000
388 _a1989-2000
490 1 _aMonografia / Politechnika Krakowska im. Tadeusza Kościuszki. Inżynieria Sanitarna i Wodna,
_x0860-097X
500 _aNumeracja serii gł.: 201.
504 _aBibliogr. s. 141-148. - Summ., Zsfassung.
650 7 _aFundamenty
_2DBN
650 7 _aGeodezja
_2DBN
650 7 _aGeologia inżynierska
_2DBN
650 7 _aMechanika gruntów
_2DBN
650 7 _aProgramy komputerowe
650 7 _aSystemy informatyczne
_2DBN
650 7 _aZastosowanie i wykorzystanie
658 _aArchitektura i budownictwo
658 _aGeografia i nauki o Ziemi
710 2 _aPolitechnika Krakowska im. Tadeusza Kościuszki
_4pbl
830 0 _aMonografia - Politechnika Krakowska im. Tadeusza Kościuszki
_v201
830 0 _aMonografia - Politechnika Krakowska im. Tadeusza Kościuszki.
_pInżynieria Sanitarna i Wodna
856 _uhttp://koha.tu.koszalin.pl/cgi-bin/koha/opac-detail.pl?biblionumber=31031
_yKatalog online BPK
942 _2UKD
_cKS
999 _c31031
_d31031